| 000 | 00701nam a22001937a 4500 | ||
|---|---|---|---|
| 005 | 20150323121647.0 | ||
| 010 | _aENG-112227 | ||
| 020 |
_c1350.00 _a9788180389740 |
||
| 035 | _aEN-95759 | ||
| 037 | _bDBAD/PUB | ||
| 082 | _a340.95482 | ||
| 245 |
_aMLJ's Madras law journal digest 2012-2013 : _bedited by S S Subramani...[et al] _ccivil and criminal with equivalent citations / |
||
| 260 |
_aGurgoan _bLexisNexis _c2013 |
||
| 270 |
_bGurgoan _e122002 _a14th Floor, Building No. 10, Tower-B, DLF Cyber City, Phase-II |
||
| 300 |
_aV.7(li, 768p.) _c26cm(Hb) |
||
| 505 | _av.7- Administrative law - words and phrases | ||
| 700 | _aSubramani, S.S. | ||
| 942 |
_2ddc _cEN _mMLJ _h340.95482 |
||
| 999 |
_c91760 _d91760 |
||